Caricamento...
Stubble under the cloven hoof tr by C V Narasimha Das /
| Autore principale: | |
|---|---|
| Lingua: | Undetermined |
| Pubblicazione: |
1967
|
| LEADER | 00406nam a2200121Ia 4500 | ||
|---|---|---|---|
| 001 | 52515 | ||
| 008 | 170722s9999 xx 000 0 und d | ||
| 100 | |a Senapati, Fakir Mohan | ||
| 245 | |a Stubble under the cloven hoof tr by C V Narasimha Das / | ||
| 260 | |c 1967 | ||
| 942 | |c GEN | ||
| 999 | |c 1887 |d 1887 | ||
| 952 | |0 0 |1 0 |4 0 |6 O_15913M43C_K7 |7 0 |8 LC1 |9 2191 |a LIB |b LIB |d 2017-08-12 |o O1591,3M43,C -K7 |p 115416 |r 2017-08-12 |w 2017-08-12 |y GEN | ||